Oh, you like Silksong? Name EVERYTHING - Statistics

General Stats
  • This quiz has been taken 90 times
    14 since last reset
  • The average score is 258 of 733
Answer Stats
Answer Answer % Correct
NPCs image not loadingLace
78%
Hunter's Journal Entries image not loadingShakra
78%
Materium image not loadingSilk
78%
NPCs image not loadingShakra
78%
Hunter's Journal Entries image not loadingLace
78%
Menu Themes Abyss
67%
Items image not loadingMask
67%
NPCs (Pilgrims) image not loadingPilby
67%
Locations image not loadingThe Abyss
67%
Menu Themes Surface
67%
NPCs image not loadingSherma
67%
Crests image not loadingHunter
67%
NPCs image not loadingNuu
67%
You! image not loadingHornet
67%
Locations Bellhart
56%
Locations Bone Bottom
56%
Locations Mosshome
56%
Locations Songclave
56%
Locations Wisp Thicket
56%
NPCs image not loadingGrishkin
56%
Menu Themes Greyroot
56%
Needle image not loadingHivesteel Needle
56%
NPCs image not loadingSkarrsinger Karmelita
56%
Locations image not loadingVerdania
56%
Hunter's Journal Entries image not loadingTormented Trobbio
56%
Hunter's Journal Entries image not loadingMoss Mother
56%
Hunter's Journal Entries image not loadingWisp
56%
Locations image not loadingWhispering Vaults
56%
NPCs image not loadingSprint master Swift
56%
NPCs image not loadingMottled Skarr
56%
Crests image not loadingWanderer
56%
Hunter's Journal Entries image not loadingMossgrub
56%
NPCs image not loadingPinstress
56%
Locations image not loadingPutrified Ducts
56%
NPCs image not loadingGreat Gourmand
56%
Locations image not loadingCogwork Core
56%
Locations image not loadingFar Fields
56%
Locations image not loadingGreymoor
56%
Hunter's Journal Entries image not loadingMarrowmaw
56%
Locations image not loadingDeep Docks
56%
NPCs image not loadingBallow
56%
NPCs image not loadingKratt
56%
Crests image not loadingArchitect
56%
NPCs image not loadingMort
56%
Locations image not loadingHigh Halls
56%
NPCs (Pilgrims) image not loadingHorned Pilgrim
56%
Locations image not loadingThe Slab
56%
Crests image not loadingWitch
56%
Hunter's Journal Entries image not loadingFather of the Flame
56%
NPCs image not loadingPavo
56%
Hunter's Journal Entries image not loadingVaultkeeper
56%
Locations image not loadingMount Fay
56%
Menu Themes Silksong
56%
Locations image not loadingSands of Karak
56%
Hunter's Journal Entries image not loadingSkarrsinger Karmelita
56%
NPCs image not loadingStyx
56%
Bellhome Lacquer image not loadingWhite
56%
Hunter's Journal Entries image not loadingGrand Mother Silk
56%
NPCs image not loadingForge Daughter
56%
NPCs image not loadingFrey
56%
Crests image not loadingCursed
56%
Locations image not loadingHunter's March
56%
Skills image not loadingSharpdart
56%
Locations image not loadingWormways
56%
NPCs image not loadingCaretaker
56%
Skills image not loadingThread Storm
56%
Skills image not loadingRune Rage
56%
Locations image not loadingBilewater
56%
Locations image not loadingChoral Chambers
56%
Locations image not loadingGrand Gate
56%
Objectives image not loadingGrand Gate
56%
Crests image not loadingReaper
56%
Locations image not loadingThe Cradle
56%
NPCs image not loadingSeth
56%
Needle image not loadingNeedle
56%
Skills image not loadingSilkspear
56%
Hunter's Journal Entries image not loadingPinstress
56%
Hunter's Journal Entries image not loadingSecond Sentinel
56%
NPCs image not loadingBell Hermit
56%
NPCs image not loadingSeamstress
56%
NPCs image not loadingGreyroot
56%
Crests image not loadingBeast
56%
NPCs image not loadingSecond Sentinel
56%
Hunter's Journal Entries image not loadingVoltvyrm
56%
Materium image not loadingMagnetite
56%
Menu Themes Steel
56%
Fleas image not loadingFlea
56%
Crests image not loadingShaman
56%
Menu Themes Citadel of Song
56%
NPCs image not loadingTormented Trobbio
56%
Locations image not loadingThe Marrow
56%
Locations image not loadingWhiteward
56%
Hunter's Journal Entries image not loadingLost Lace
56%
Locations image not loadingBlasted Steps
56%
Achievements image not loadingSister of the Void
56%
Achievements image not loadingSpeedrunner
56%
Achievements image not loadingTwisted Child
56%
Achievements image not loadingWeaver Queen
56%
Locations Bilehaven
44%
Locations Chapel of the Beast
44%
Locations Chapel of the Reaper
44%
Locations Chapel of the Wanderer
44%
Locations Chapel of the Witch
44%
Locations Fleatopia
44%
Locations Halfway Home
44%
Red Tools image not loading image not loading Voltvessels
44%
Items image not loading image not loading image not loading Quill
44%
Locations Pilgrim's Rest
44%
Locations The Cauldron
44%
Locations Voltnest
44%
NPCs image not loadingGarmond & Zaza
44%
Hunter's Journal Entries image not loadingSkull Scuttler
44%
Red Tools image not loadingStraight Pin
44%
Items image not loadingCrustnut
44%
Hunter's Journal Entries image not loadingPlasmid
44%
NPCs image not loadingFleamaster Mooshka
44%
Hunter's Journal Entries image not loadingMite
44%
NPCs (Pilgrims) image not loadingWeary Pilgrim
44%
NPCs image not loadingTwelfth Architect
44%
NPCs image not loadingConductor Ballador
44%
Hunt Wishes image not loadingSavage Beastfly
44%
Hunter's Journal Entries image not loadingGarmond & Zaza
44%
Items image not loadingCraftmetal
44%
NPCs image not loadingHuntress
44%
Hunter's Journal Entries image not loadingSquatcraw Juror
44%
Deliveries image not loadingBone Bottom Supplies
44%
Blue Tools image not loadingSpool Extender
44%
Bellhome Lacquer image not loadingBlack
44%
NPCs image not loadingEva
44%
Hunter's Journal Entries image not loadingSkarrwing
44%
NPCs image not loadingVog
44%
NPCs (Pilgrims) image not loadingHumble Pilgrim
44%
Skills image not loadingNeedolin
44%
Yellow Tools image not loadingMagnetite Brooch
44%
Items image not loadingPollen Heart
44%
Hunter's Journal Entries image not loadingTallcraw
44%
Hunter's Journal Entries image not loadingSpit Squit
44%
Items image not loadingMap
44%
Yellow Tools image not loadingAscendant's Grip
44%
Hunter's Journal Entries image not loadingShrine Guardian Seth
44%
Skills image not loadingCross Stitch
44%
Hunter's Journal Entries image not loadingGreat Conchfly
44%
Hunter's Journal Entries image not loadingSkull Tyrant
44%
Hunter's Journal Entries image not loadingSkarr Scout
44%
Bellhome Lacquer image not loadingBlue
44%
Hunter's Journal Entries image not loadingWinged Pilgrim
44%
NPCs image not loadingChapel Maid
44%
Hunter's Journal Entries image not loadingTrobbio
44%
NPCs image not loadingPebb
44%
Hunter's Journal Entries image not loadingPlasmified Zango
44%
Red Tools image not loadingFlintslate
44%
NPCs image not loadingLoddie
44%
Locations image not loadingUnderworks
44%
Yellow Tools image not loadingMagnetite Dice
44%
Items image not loadingDrifter's Cloak
44%
NPCs image not loadingGreen Prince
44%
Hunter's Journal Entries image not loadingSkarrgard
44%
Hunter's Journal Entries image not loadingLast Judge
44%
Blue Tools image not loadingQuick Sling
44%
Hunter's Journal Entries image not loadingBurning Bug
44%
Hunter's Journal Entries image not loadingSkullwing
44%
Hunter's Journal Entries image not loadingPondcatcher
44%
Hunter's Journal Entries image not loadingSister Splinter
44%
Hunter's Journal Entries image not loadingWinged Pilgrim Bellbearer
44%
Skills image not loadingBind
44%
Hunter's Journal Entries image not loadingCrust King Khann
44%
Items image not loadingCrafting Kit
44%
Hunter's Journal Entries image not loadingSplinter
44%
Locations image not loadingWeavenest Atla
44%
NPCs (Pilgrims) image not loadingAged Pilgrim
44%
Hunter's Journal Entries image not loadingMuckmaggot
44%
Items image not loadingSpool Fragment
44%
NPCs image not loadingCreige
44%
NPCs image not loadingSkynx
44%
Hunter's Journal Entries image not loadingSurgeon
44%
Skills image not loadingCling Grip
44%
NPCs image not loadingLoyal Mergwin
44%
Hunter's Journal Entries image not loadingSavage Beastfly
44%
Red Tools image not loadingSnare Setter
44%
Bellhome image not loadingDesk
44%
NPCs (Pilgrims) image not loadingPilgrim Preacher
44%
Hunter's Journal Entries image not loadingJudge
44%
Hunter's Journal Entries image not loadingMoorwing
44%
Hunter's Journal Entries image not loadingMawling
44%
NPCs image not loadingVaultkeeper Cardinius
44%
NPCs image not loadingMask Maker
44%
NPCs (Pilgrims) image not loadingQuiet Pilgrim
44%
Blue Tools image not loadingClaw Mirrors
44%
Locations image not loadingThe Mist
44%
Locations image not loadingRed Memory
44%
Hunter's Journal Entries image not loadingCraw Juror
44%
Hunter's Journal Entries image not loadingMassive Mossgrub
44%
Hunter's Journal Entries image not loadingYago
44%
Red Tools image not loadingNeedle Phial
44%
Hunter's Journal Entries image not loadingCogwork Dancers
44%
Red Tools image not loadingPlasmium Phial
44%
Blue Tools image not loadingPollip Pouch
44%
Hunter's Journal Entries image not loadingBell Beast
44%
Hunter's Journal Entries image not loadingCrawfather
44%
Needle image not loadingSharpened Needle
44%
Locations image not loadingShellwood
44%
Locations image not loadingSinner's Road
44%
Hunter's Journal Entries image not loadingGrom
44%
NPCs (Pilgrims) image not loadingDejected Pilgrim
44%
Items image not loadingRosary Necklace
44%
Yellow Tools image not loadingCompass
44%
Hunter's Journal Entries image not loadingUnderworker
44%
Items image not loadingFaydown Cloak
44%
NPCs image not loadingVarga
44%
NPCs image not loadingRunt
44%
NPCs image not loadingPill
44%
Hunter's Journal Entries image not loadingSkull Brute
44%
Items image not loadingMask Shard
44%
Hunter's Journal Entries image not loadingMossmir
44%
Skills image not loadingClawline
44%
Items image not loadingConjoined Heart
44%
NPCs image not loadingAlchemist Zylotol
44%
Items image not loadingMemory Locket
44%
Materium image not loadingRosaries
44%
Hunter's Journal Entries image not loadingMitemother
44%
Hunter's Journal Entries image not loadingNyleth
44%
Red Tools image not loadingThreefold Pin
44%
Yellow Tools image not loadingSilkspeed Anklets
44%
Hunter's Journal Entries image not loadingBeastfly
44%
Red Tools image not loadingCogfly
44%
Skills image not loadingSilk Soar
44%
NPCs image not loadingGilly
44%
Items image not loadingSpool
44%
Hunter's Journal Entries image not loadingClover Dancers
44%
Blue Tools image not loadingVolt Filament
44%
Items image not loadingSimple Key
44%
Hunter's Journal Entries image not loadingMaestro
44%
Red Tools image not loadingFlea Brew
44%
NPCs image not loadingLoam
44%
Bellhome Lacquer image not loadingRed
44%
Hunter's Journal Entries image not loadingCraw
44%
Hunter's Journal Entries image not loadingFourth Chorus
44%
NPCs image not loadingGrindle
44%
NPCs image not loadingSnail Shamans
44%
Hunter's Journal Entries image not loadingSquatcraw
44%
Items image not loadingEverbloom
44%
NPCs image not loadingFlick the Fixer
44%
Menu Themes Cradle
44%
Items image not loadingTool Pouch
44%
Items image not loadingPlasmium
44%
Items image not loadingHunter's Heart
44%
Hunter's Journal Entries image not loadingTallcraw Juror
44%
NPCs image not loadingTipp
44%
Items image not loadingBeast Shard
44%
Mementos image not loadingHero's Memento
44%
Hunter's Journal Entries image not loadingConchfly
44%
Yellow Tools image not loadingShard Pendant
44%
NPCs (Pilgrims) image not loadingTall Pilgrim
44%
NPCs (Pilgrims) image not loadingFearful Pilgrim
44%
NPCs image not loadingPondcatcher Reed
44%
Hunter's Journal Entries image not loadingAknid
44%
Blue Tools image not loadingClaw Mirror
44%
Achievements image not loadingPharloom's Welcome
44%
Achievements image not loadingJudge
44%
Achievements image not loadingEquipped
44%
Achievements image not loadingMasked
44%
Achievements image not loadingSpeed Completion
44%
Achievements image not loadingTragedian
44%
Achievements image not loadingCompletion
44%
Achievements image not loadingDiva
44%
Achievements image not loadingWhite Knight
44%
Locations Bonegrave
33%
Locations Brightvein
33%
Locations Chapel of the Architect
33%
Locations Citadel Spa
33%
Locations Coral Tower
33%
Locations Craw Lake
33%
Locations Exhaust Organ
33%
Red Tools image not loading image not loading image not loading Silkshot
33%
Locations Nameless Town
33%
Locations Pale Lake
33%
Locations Ruined Chapel
33%
Locations Terminus
33%
Locations The Forum
33%
Locations The Stage
33%
Locations Weavenest Cindril
33%
Locations Weavenest Karn
33%
Locations Weavenest Murglin
33%
Items image not loadingPale Rosary Necklace
33%
Items image not loadingVintage Nectar
33%
Objectives image not loadingConductor's Melody
33%
Hunter's Journal Entries image not loadingGroal the Great
33%
Hunter's Journal Entries image not loadingRhinogrund
33%
Hunter's Journal Entries image not loadingPharlid
33%
Hunter's Journal Entries image not loadingPilgrim Bellbearer
33%
Hunt Wishes image not loadingThe Wailing Mother
33%
Hunter's Journal Entries image not loadingHoker
33%
Hunter's Journal Entries image not loadingPendra
33%
Materium image not loadingFlintstone
33%
Mementos image not loadingGuardian's Memento
33%
Hunter's Journal Entries image not loadingMinister
33%
Red Tools image not loadingConchcutter
33%
Hunt Wishes image not loadingBroodfeast
33%
Hunt Wishes image not loadingRoach Guts
33%
Blue Tools image not loadingDruid's Eye
33%
Blue Tools image not loadingReserve Bind
33%
Items image not loadingPollip Heart
33%
Deliveries image not loadingFleatopia Supplies
33%
Deliveries image not loadingPilgrim's Rest Supplies
33%
Deliveries image not loadingQueen's Egg
33%
Items image not loadingPlasmified Blood
33%
Hunter's Journal Entries image not loadingLampbearer
33%
Mementos image not loadingHunter's Memento
33%
Hunter's Journal Entries image not loadingCogwork Defender
33%
Blue Tools image not loadingMultibinder
33%
Hunter's Journal Entries image not loadingFlintbeetle
33%
Skills image not loadingSwift Step
33%
Red Tools image not loadingCurveclaw
33%
Hunter's Journal Entries image not loadingBroodmother
33%
Hunter's Journal Entries image not loadingPhantom
33%
NPCs image not loadingPious Isamor
33%
Hunter's Journal Entries image not loadingSlubberlug
33%
Mementos image not loadingCraw Memento
33%
Red Tools image not loadingRosary Cannon
33%
NPCs (Pilgrims) image not loadingWorried Pilgrim
33%
NPCs image not loadingRelic Seeker Scrounge
33%
Items image not loadingShard Bundle
33%
Hunter's Journal Entries image not loadingBarnak
33%
Hunter's Journal Entries image not loadingDriznarga
33%
Hunter's Journal Entries image not loadingVicious Caranid
33%
Hunter's Journal Entries image not loadingCogworker
33%
Fleas image not loadingFlea Dodge
33%
Items image not loadingArchitect's Key
33%
Hunter's Journal Entries image not loadingGurr the Outcast
33%
Hunter's Journal Entries image not loadingVoid Tendrils
33%
Items image not loadingPsalm Cylinder
33%
Items image not loadingArcane Egg
33%
Hunter's Journal Entries image not loadingLast Claw
33%
Yellow Tools image not loadingThief's Mark
33%
Unique Wishes image not loadingPassing of the Age
33%
Hunter's Journal Entries image not loadingWardenfly
33%
Blue Tools image not loadingPin Badge
33%
Hunter's Journal Entries image not loadingBrushflit
33%
Blue Tools image not loadingFractured Mask
33%
Items image not loadingRosary String
33%
NPCs image not loadingOld Penitent
33%
Materium image not loadingShell Shards
33%
Items image not loadingSkewered Organ
33%
Yellow Tools image not loadingBarbed Bracelet
33%
Hunter's Journal Entries image not loadingScrollreader
33%
Skills image not loadingSylphsong
33%
Items image not loadingSteel Spines
33%
Red Tools image not loadingCurvesickle
33%
Hunter's Journal Entries image not loadingWatcher at the Edge
33%
Hunter's Journal Entries image not loadingDuctsucker
33%
Hunter's Journal Entries image not loadingUnderscrub
33%
Items image not loadingQueen's Egg
33%
NPCs image not loadingVespa
33%
Red Tools image not loadingSting Shard
33%
Hunter's Journal Entries image not loadingStilkin Trapper
33%
Blue Tools image not loadingMemory Crystal
33%
Hunter's Journal Entries image not loadingChoir Bellbearer
33%
Items image not loadingPale Oil
33%
Hunter's Journal Entries image not loadingBell Eater
33%
Objectives image not loadingThe Great Citadel
33%
Objectives image not loadingLast Dive
33%
Blue Tools image not loadingMagma Bell
33%
Blue Tools image not loadingLongclaw
33%
Items image not loadingKey of Heretic
33%
Hunter's Journal Entries image not loadingPlasmidas
33%
Items image not loadingChoral Commandment
33%
Unique Wishes image not loadingBugs of Pharloom
33%
Items image not loadingMaterium
33%
Hunter's Journal Entries image not loadingMortician
33%
Items image not loadingTwisted Bud
33%
Blue Tools image not loadingWispfire Lantern
33%
NPCs (Pilgrims) image not loadingSolemn Pilgrim
33%
Hunter's Journal Entries image not loadingCaranid
33%
Hunter's Journal Entries image not loadingKaraka
33%
Red Tools image not loadingDelver's Drill
33%
NPCs (Pilgrims) image not loadingScared Pilgrim
33%
NPCs image not loadingHerrah
33%
NPCs image not loadingJubilana
33%
Hunter's Journal Entries image not loadingPalestag
33%
Blue Tools image not loadingWarding Bell
33%
Red Tools image not loadingCogwork Wheel
33%
Items image not loadingPickled Muckmaggot
33%
Hunter's Journal Entries image not loadingShadow Creeper
33%
Objectives image not loadingVaultkeeper's Melody
33%
Items image not loadingHeavy Rosary Necklace
33%
Hunter's Journal Entries image not loadingVaultborn
33%
NPCs image not loadingSteel Seer Zi
33%
Items image not loadingChoir Cloak
33%
Blue Tools image not loadingEgg of Flealia
33%
Hunter's Journal Entries image not loadingDrapemite
33%
Hunter's Journal Entries image not loadingFurm
33%
Locations image not loadingMemorium
33%
Items image not loadingFlintgem
33%
Hunter's Journal Entries image not loadingClawmaiden
33%
Hunter's Journal Entries image not loadingSkarrlid
33%
Mementos image not loadingGrey Memento
33%
Yellow Tools image not loadingShell Satchel
33%
Items image not loadingBroodmother's Eye
33%
Hunter's Journal Entries image not loadingStilkin
33%
Red Tools image not loadingPimpillo
33%
Hunter's Journal Entries image not loadingGrand Reed
33%
Hunter's Journal Entries image not loadingVoid Mass
33%
NPCs image not loadingCrull and Benjin
33%
Skills image not loadingBeastling Call
33%
Hunter's Journal Entries image not loadingPharlid Diver
33%
Objectives image not loadingAfter the Fall
33%
NPCs image not loadingYarnaby
33%
Hunter's Journal Entries image not loadingFirst Sinner
33%
Items image not loadingCourier's Rasher
33%
Hunter's Journal Entries image not loadingDreg Catcher
33%
Yellow Tools image not loadingSpider Strings
33%
Blue Tools image not loadingDruid's Eyes
33%
Blue Tools image not loadingWreath of Purity
33%
Hunter's Journal Entries image not loadingUnderpoke
33%
Hunter's Journal Entries image not loadingFluttermite
33%
Hunter's Journal Entries image not loadingLavalug
33%
Hunter's Journal Entries image not loadingMemoria
33%
Items image not loadingBellhome Key
33%
Hunter's Journal Entries image not loadingKarak Gor
33%
Items image not loadingCogheart
33%
NPCs (Pilgrims) image not loadingLumble the Lucky
33%
Red Tools image not loadingLongpin
33%
Donation Wishes image not loadingBellhart's Glory
33%
Items image not loadingWeaver Effigy
33%
Items image not loadingSilver Bell
33%
Hunter's Journal Entries image not loadingWraith
33%
Items image not loadingHunter's Cloak
33%
Mementos image not loadingSurface Memento
33%
Skills image not loadingPale Nails
33%
NPCs image not loadingSula
33%
Items image not loadingMossberry
33%
Items image not loadingMossberry Stew
33%
Items image not loadingSilk Heart
33%
Hunter's Journal Entries image not loadingLost Garmond
33%
Items image not loadingCrown Fragment
33%
Items image not loadingKey of Apostate
33%
Hunter's Journal Entries image not loadingThe Unravelled
33%
Hunter's Journal Entries image not loadingReed
33%
Hunter's Journal Entries image not loadingDriznit
33%
NPCs image not loadingBroodling
33%
Items image not loadingBone Scroll
33%
Hunter's Journal Entries image not loadingCovetous Pilgrim
33%
Hunter's Journal Entries image not loadingGromling
33%
Hunter's Journal Entries image not loadingBloatroach
33%
Hunter's Journal Entries image not loadingMuckroach
33%
Fleas image not loadingFlea Juggle
33%
Blue Tools image not loadingSnitch Pick
33%
Objectives image not loadingArchitect's Melody
33%
Yellow Tools image not loadingWeighted Belt
33%
Red Tools image not loadingTacks
33%
Items image not loadingEncrusted Heart
33%
Hunter's Journal Entries image not loadingDregwheel
33%
Bellhome Lacquer image not loadingChrome
33%
Objectives image not loadingBeast in the Bells
33%
Locations image not loadingMoss Grotto
33%
Mementos image not loadingSprintmaster Memento
33%
Skills image not loadingElegy of the Deep
33%
NPCs image not loadingMoss Druid
33%
Bellhome image not loadingPersonal Spa
33%
Hunter's Journal Entries image not loadingDrapefly
33%
Hunter's Journal Entries image not loadingSummoned Saviour
33%
Yellow Tools image not loadingDead Bug's Purse
33%
NPCs image not loadingMister Mushroom
33%
Hunter's Journal Entries image not loadingSilk Snipper
33%
Hunter's Journal Entries image not loadingVerdanir
33%
Items image not loadingRoach Guts
33%
Achievements image not loadingResident
33%
Achievements image not loadingPassing of the Age
33%
Achievements image not loadingSteel Soul
33%
Achievements image not loadingTrue Hunter
33%
Achievements image not loadingTyrant
33%
Achievements image not loadingBound
33%
Achievements image not loadingProtected
33%
Achievements image not loadingKeen Hunter
33%
Achievements image not loadingArsenal
33%
Misc. Bosses image not loadingRaging Conchfly
33%
Achievements image not loadingHeretic
33%
Achievements image not loadingConnected
33%
Achievements image not loadingExtended
33%
Achievements image not loadingRestored
33%
Achievements image not loadingSnared Silk
33%
Achievements image not loadingSteel Heart
33%
Achievements image not loadingRegenerated
33%
Locations Grand Bellway
22%
Items image not loading image not loading Cogheart Piece
22%
Locations Survivor's Camp
22%
Locations Weavenest Absolom
22%
Hunter's Journal Entries image not loadingYumama
22%
Yellow Tools image not loadingScuttlebrace
22%
Hunter's Journal Entries image not loadingSmelt Shoveller
22%
Hunter's Journal Entries image not loadingTarmite
22%
Items image not loadingKey of Indolent
22%
Hunt Wishes image not loadingThe Hidden Hunter
22%
Hunt Wishes image not loadingThe Terrible Tyrant
22%
Bellhome image not loadingGleamlights
22%
Items image not loadingCourier's Swag
22%
Bellhome image not loadingGramophone
22%
Hunter's Journal Entries image not loadingSwamp Squit
22%
Hunt Wishes image not loadingCloaks of the Choir
22%
Hunt Wishes image not loadingCrawbug Clearing
22%
Hunt Wishes image not loadingDark Hearts
22%
Hunt Wishes image not loadingFine Pins
22%
Hunt Wishes image not loadingFlexile Spines
22%
Hunt Wishes image not loadingGarb of the Pilgrims
22%
Hunt Wishes image not loadingRuntfeast
22%
Hunt Wishes image not loadingVolatile Flintbeetles
22%
Hunter's Journal Entries image not loadingCogwork Spine
22%
Hunter's Journal Entries image not loadingDisgraced Chef Lugoli
22%
Hunter's Journal Entries image not loadingCogwork Crawler
22%
Hunter's Journal Entries image not loadingSkarr Stalker
22%
Hunter's Journal Entries image not loadingChoir Pouncer
22%
Items image not loadingFarsight
22%
Hunter's Journal Entries image not loadingCogwork Underfly
22%
Deliveries image not loadingLiquid Lacquer
22%
Deliveries image not loadingSongclave Supplies
22%
Deliveries image not loadingSurvivor's Camp Supplies
22%
Hunter's Journal Entries image not loadingGahlia
22%
Hunter's Journal Entries image not loadingSquirrm
22%
Hunter's Journal Entries image not loadingFreshfly
22%
Hunter's Journal Entries image not loadingPuny Penitent
22%
Hunter's Journal Entries image not loadingRoachkeeper
22%
Hunter's Journal Entries image not loadingKilik
22%
Hunter's Journal Entries image not loadingSmokerock Sifter
22%
Hunter's Journal Entries image not loadingRoachfeeder
22%
Hunter's Journal Entries image not loadingMothleaf Lagnia
22%
Hunter's Journal Entries image not loadingSkrill
22%
Items image not loadingDiving Bell Key
22%
Hunter's Journal Entries image not loadingChoir Hornhead
22%
Hunter's Journal Entries image not loadingEnvoy
22%
Hunter's Journal Entries image not loadingImoba
22%
Unique Wishes image not loadingA Vassal Lost
22%
Red Tools image not loadingThrowing Ring
22%
Hunter's Journal Entries image not loadingHardbone Elder
22%
Items image not loadingHorn Fragment
22%
Items image not loadingSeared Organ
22%
Hunter's Journal Entries image not loadingMnemonord
22%
Hunter's Journal Entries image not loadingHardbone Hopper
22%
Hunter's Journal Entries image not loadingPendragor
22%
Gather Wishes image not loadingAdvanced Alchemy
22%
Gather Wishes image not loadingAlchemist's Assistant
22%
Gather Wishes image not loadingBerry Picking
22%
Gather Wishes image not loadingGreat Taste of Pharloom
22%
Gather Wishes image not loadingRite of the Pollip
22%
Gather Wishes image not loadingSilver Bells
22%
Objectives image not loadingHeart of the Wild
22%
Hunter's Journal Entries image not loadingDreg Husk
22%
Mapping Supplies image not loadingBench Pins
22%
Hunter's Journal Entries image not loadingSandcarver
22%
Hunter's Journal Entries image not loadingChoristor
22%
Hunter's Journal Entries image not loadingLavalarga
22%
Blue Tools image not loadingSawtooth Circlet
22%
Items image not loadingLiquid Lacquer
22%
Hunter's Journal Entries image not loadingCrustcrawler
22%
Locations image not loadingHaunted Bellhart
22%
Bellhome image not loadingBell Lacquer
22%
Hunter's Journal Entries image not loadingSpinebeak Kai
22%
Needle image not loadingShining Needle
22%
Hunter's Journal Entries image not loadingSteelspine Kai
22%
Hunter's Journal Entries image not loadingChoir Clapper
22%
Locations image not loadingFestival of the Flea
22%
Items image not loadingCraw Summons
22%
Hunter's Journal Entries image not loadingCloverstag
22%
Hunter's Journal Entries image not loadingCogwork Clapper
22%
Hunter's Journal Entries image not loadingPond Skipper
22%
Hunter's Journal Entries image not loadingGargant Gloom
22%
Blue Tools image not loadingWeavelight
22%
Hunter's Journal Entries image not loadingServitor Boran
22%
Hunter's Journal Entries image not loadingCraggler
22%
Mapping Supplies image not loadingDark Marker
22%
Items image not loadingHornet Statuette
22%
Hunter's Journal Entries image not loadingUndercrank
22%
Materium image not loadingPearl Rosaries
22%
Hunter's Journal Entries image not loadingAlita
22%
Hunter's Journal Entries image not loadingShellwood Gnat
22%
Hunter's Journal Entries image not loadingYuma
22%
Hunter's Journal Entries image not loadingPilgrim Hulk
22%
NPCs image not loadingPinmaster Plinney
22%
Objectives image not loadingPale Monarch
22%
Objectives image not loadingPharloom's Crown
22%
Objectives image not loadingSilent Halls
22%
Items image not loadingSilkeater
22%
Hunter's Journal Entries image not loadingSpear Skarr
22%
Items image not loadingWhite Key
22%
Objectives image not loadingThe Threadspun Town
22%
Items image not loadingRuined Tool
22%
Hunter's Journal Entries image not loadingFertid
22%
Items image not loadingFrayed Rosary String
22%
Wayfarer Wishes image not loadingBalm for the Wounded
22%
Wayfarer Wishes image not loadingEcstasy of the End
22%
Wayfarer Wishes image not loadingFatal Resolve
22%
Wayfarer Wishes image not loadingFinal Audience
22%
Wayfarer Wishes image not loadingHero's Call
22%
Wayfarer Wishes image not loadingInfestation Operation
22%
Wayfarer Wishes image not loadingMy Missing Brother
22%
Wayfarer Wishes image not loadingMy Missing Courier
22%
Wayfarer Wishes image not loadingPain, Anguish, and Misery
22%
Wayfarer Wishes image not loadingPinmaster's Oil
22%
Wayfarer Wishes image not loadingRite of Rebirth
22%
Wayfarer Wishes image not loadingSilk and Soul
22%
Wayfarer Wishes image not loadingThe Lost Fleas
22%
Wayfarer Wishes image not loadingThe Lost Merchant
22%
Wayfarer Wishes image not loadingThe Wandering Merchant
22%
Wayfarer Wishes image not loadingTrail's End
22%
Hunter's Journal Entries image not loadingShadow Charger
22%
Items image not loadingGrass Doll
22%
Hunter's Journal Entries image not loadingOvergrown Pilgrim
22%
Bellhome Lacquer image not loadingBronze
22%
Hunter's Journal Entries image not loadingGarpid
22%
Hunter's Journal Entries image not loadingHuge Flea
22%
Hunter's Journal Entries image not loadingKindanir
22%
Hunter's Journal Entries image not loadingCogwork Choirbug
22%
Hunter's Journal Entries image not loadingPilgrim Pouncer
22%
Hunter's Journal Entries image not loadingDriftlin
22%
Hunter's Journal Entries image not loadingRoachserver
22%
Hunter's Journal Entries image not loadingKai
22%
NPCs (Pilgrims) image not loadingExhausted Pilgrim
22%
Skills image not loadingNeedle Strike
22%
Hunter's Journal Entries image not loadingPilgrim Guide
22%
Items image not loadingPlasmium Gland
22%
Hunter's Journal Entries image not loadingSplinterhorn
22%
Hunter's Journal Entries image not loadingFlintstone Flyer
22%
Unique Wishes image not loadingFastest in Pharloom
22%
Items image not loadingMaiden's Soul
22%
Hunter's Journal Entries image not loadingLeaf Roller
22%
Hunter's Journal Entries image not loadingDrapelord
22%
Hunter's Journal Entries image not loadingMnemonid
22%
Hunter's Journal Entries image not loadingWinged Lifeseed
22%
Items image not loadingFine Pin
22%
Items image not loadingSlab Keys
22%
Hunter's Journal Entries image not loadingFlapping Fertid
22%
Hunter's Journal Entries image not loadingRoachcatcher
22%
Hunter's Journal Entries image not loadingWidow
22%
Fleas image not loadingFlea Bounce
22%
Hunter's Journal Entries image not loadingCoral Furm
22%
Hunter's Journal Entries image not loadingMiremite
22%
Mapping Supplies image not loadingBronze Marker
22%
Hunter's Journal Entries image not loadingFlintflame Flyer
22%
Hunter's Journal Entries image not loadingChoir Flyer
22%
Hunter's Journal Entries image not loadingCrustcrag
22%
Mapping Supplies image not loadingVentrica Pins
22%
Items image not loadingSeeker's Soul
22%
Objectives image not loadingHeart of Might
22%
Hunter's Journal Entries image not loadingCorrcrust Karaka
22%
Materium image not loadingShell Rosaries
22%
Objectives image not loadingAwaiting the End
22%
Objectives image not loadingReturn to Pharloom
22%
Objectives image not loadingSpell Seeker
22%
Objectives image not loadingThe Old Hearts
22%
Mapping Supplies image not loadingVendor Pins
22%
Hunter's Journal Entries image not loadingWinged Furm
22%
Hunter's Journal Entries image not loadingWingmould
22%
Hunter's Journal Entries image not loadingLeaf Glider
22%
Hunter's Journal Entries image not loadingUnderloft
22%
Hunter's Journal Entries image not loadingSnitchfly
22%
Hunter's Journal Entries image not loadingUndersweep
22%
Hunter's Journal Entries image not loadingPenitent
22%
Items image not loadingSpine Core
22%
Materium image not loadingVoltridian
22%
Donation Wishes image not loadingA Lifesaving Bridge
22%
Donation Wishes image not loadingAn Icon of Hope
22%
Donation Wishes image not loadingBone Bottom Repairs
22%
Donation Wishes image not loadingBuilding Up Songclave
22%
Donation Wishes image not loadingRestoration of Bellhart
22%
Donation Wishes image not loadingStrengthening Songclave
22%
Hunter's Journal Entries image not loadingPhacia
22%
Hunter's Journal Entries image not loadingScabfly
22%
Items image not loadingSacred Cylinder
22%
Hunter's Journal Entries image not loadingForebrothers Signis & Gron
22%
Hunter's Journal Entries image not loadingCogwork Cleanser
22%
Items image not loadingRagpelt
22%
Hunter's Journal Entries image not loadingElder Pilgrim
22%
Hunter's Journal Entries image not loadingEscalion
22%
Hunter's Journal Entries image not loadingGiant Drapemite
22%
Items image not loadingShredded Organ
22%
Hunter's Journal Entries image not loadingGloomsac
22%
Hunter's Journal Entries image not loadingSplinterbark
22%
Blue Tools image not loadingInjector Band
22%
Items image not loadingCrawbell
22%
Items image not loadingHermit's Soul
22%
Hunter's Journal Entries image not loadingPilgrim Groveller
22%
Mapping Supplies image not loadingHunt Marker
22%
Hunter's Journal Entries image not loadingThread Raker
22%
Items image not loadingPristine Core
22%
Hunter's Journal Entries image not loadingGuardfly
22%
Items image not loadingPilgrim Shawl
22%
Objectives image not loadingHeart of the Woods
22%
Items image not loadingGrowstone
22%
Items image not loadingRune Harp
22%
Hunter's Journal Entries image not loadingPilgrim Hornfly
22%
Hunter's Journal Entries image not loadingWood Wasp
22%
Mapping Supplies image not loadingBellway Pins
22%
Hunter's Journal Entries image not loadingDeep Diver
22%
Needle image not loadingPale Steel Needle
22%
Hunter's Journal Entries image not loadingCogwork Hauler
22%
Hunter's Journal Entries image not loadingNuphar
22%
Hunter's Journal Entries image not loadingPollenica
22%
Hunter's Journal Entries image not loadingServitor Ignim
22%
Objectives image not loadingSoul Snare
22%
NPCs image not loadingWhite Lady
22%
Hunter's Journal Entries image not loadingChoir Elder
22%
Hunter's Journal Entries image not loadingCragglite
22%
Hunter's Journal Entries image not loadingPokenabbin
22%
Hunter's Journal Entries image not loadingKakri
22%
Achievements image not loadingHero's Call
22%
Achievements image not loadingWoven
22%
Achievements image not loadingFlea Finder
22%
Achievements image not loadingFleafriend
22%
Achievements image not loadingLamenter
22%
Achievements image not loadingLast Dance
22%
Achievements image not loadingSeed
22%
Achievements image not loadingGlutton
22%
Achievements image not loadingTrail's End
22%
Achievements image not loadingGranted
22%
Achievements image not loadingServant
22%
Achievements image not loadingRemembrance
22%
Achievements image not loadingConsumed
22%
Achievements image not loadingLiberated
22%
Achievements image not loadingBonded
22%
Achievements image not loadingHarmonious
22%
Achievements image not loadingTransported
22%
Achievements image not loadingEntwined
22%
Achievements image not loadingFatal Resolve
22%
Achievements image not loadingCartographer
22%
Misc. Bosses image not loadingGreat Conchflies
22%
Achievements image not loadingGrey Ghost
22%
Achievements image not loadingClaimed
22%
Achievements image not loadingFanatic
22%
Hunter's Journal Entries image not loadingPilgrim Hiker
11%
Mapping Supplies image not loadingRing Marker
11%
Mapping Supplies image not loadingShell Marker
11%
Hunter's Journal Entries image not loadingShardillard
11%
Items image not loadingSurgeon's Key
11%
Objectives image not loadingThe Dark Below
11%
No matching quizzes found
Score Distribution
Percent of People with Each Score
Percentile by Number Answered
Your Score History
You have not taken this quiz since the last reset